000 00652nam0a22002531 4500
001 RU\NLR\INFOCOMM10\ROSSICA\1000005619
005 20250613190440.0
035 _a(NLR Aleph) 009911311
090 _a10619304
_c10619304
100 _a20030526d1828 |||y0rusy50 ca
101 0 _aeng
102 _aRU
105 _ay ||||000ay
200 1 _aNew English and Russian dialogues
_fJacq. Languen
210 _aSt.Petersburg
_d1828
215 _d
700 1 _aLanguen
_bJ.
_gJacq.
_4070
801 1 _aRU
_bInfoComm
_c20030526
801 0 _aRU
_bNLR
_gPSBO
852 _aNLR
_j13.21.2.19
942 _cBOOK
980 _aNB
980 _aRossica